[Event "22nd Abu Dhabi Int. Chess Festival  Masters Tourna"]
[Site "Abu Dhabi"]
[Date "2015.08.30"]
[Round "8"]
[Board "36"]
[White "Abhishek, Kelkar"]
[Black "Ghorbani, Hadi"]
[Result "1-0"]
[WhiteElo "2400"]
[BlackElo "2084"]
[PlyCount "0"]
[EventDate "2015.08.23"]
[EventRounds "9"]
[EventCountry "UAE"]

1. Nf3 {[%clk 1:28:40]} d5 {[%clk 1:25:15]} 2. d4 {[%clk 1:27:38]} Nf6
{[%clk 1:25:28]} 3. c4 {[%clk 1:27:51]} c6 {[%clk 1:25:38]} 4. e3
{[%clk 1:26:20]} e6 {[%clk 1:24:22]} 5. b3 {[%clk 1:26:25]} Bd6 {[%clk 1:19:37]}
6. Bb2 {[%clk 1:26:24]} O-O {[%clk 1:20:01]} 7. Bd3 {[%clk 1:26:27]} b6
{[%clk 1:17:14]} 8. Nbd2 {[%clk 1:26:08]} Bb7 {[%clk 1:15:12]} 9. O-O
{[%clk 1:26:28]} c5 {[%clk 1:14:55]} 10. cxd5 {[%clk 1:23:41]} exd5
{[%clk 1:14:55]} 11. Nh4 {[%clk 1:19:05]} cxd4 {[%clk 1:11:42]} 12. Nf5
{[%clk 1:16:43]} Nc6 {[%clk 1:10:56]} 13. Nxd4 {[%clk 1:13:46]} Ne5
{[%clk 1:10:40]} 14. N2f3 {[%clk 1:13:43]} Re8 {[%clk 0:51:29]} 15. Nf5
{[%clk 1:11:08]} Nxd3 {[%clk 0:49:12]} 16. Qxd3 {[%clk 1:11:30]} Bf8
{[%clk 0:49:26]} 17. Qd4 {[%clk 1:10:29]} Re4 {[%clk 0:49:14]} 18. Nh6+
{[%clk 1:07:03]} gxh6 {[%clk 0:49:30]} 19. Qxf6 {[%clk 1:07:11]} Qxf6
{[%clk 0:49:02]} 20. Bxf6 {[%clk 1:07:36]} Ba3 {[%clk 0:49:18]} 21. Bd4
{[%clk 0:59:44]} Rc8 {[%clk 0:36:07]} 22. Rfd1 {[%clk 0:58:27]} Re6
{[%clk 0:35:22]} 23. Ne5 {[%clk 0:58:10]} h5 {[%clk 0:34:41]} 24. h4
{[%clk 0:57:25]} f6 {[%clk 0:34:44]} 25. Nd3 {[%clk 0:57:41]} Kf7
{[%clk 0:28:13]} 26. Nf4 {[%clk 0:56:31]} Re4 {[%clk 0:28:18]} 27. f3
{[%clk 0:55:13]} Ree8 {[%clk 0:21:30]} 28. Nxh5 {[%clk 0:54:53]} Bc5
{[%clk 0:21:51]} 29. Rac1 {[%clk 0:52:23]} a5 {[%clk 0:17:10]} 30. Kf2
{[%clk 0:49:43]} Re6 {[%clk 0:14:32]} 31. Bxc5 {[%clk 0:46:39]} bxc5
{[%clk 0:14:27]} 32. Nf4 {[%clk 0:47:02]} Rd6 {[%clk 0:13:42]} 33. Rd2
{[%clk 0:44:51]} Rd7 {[%clk 0:10:55]} 34. e4 {[%clk 0:43:38]} d4 {[%clk 0:10:50]}
35. Nd3 {[%clk 0:43:53]} Rdc7 {[%clk 0:03:16]} 36. Rdc2 {[%clk 0:43:35]} c4
{[%clk 0:03:42]} 37. Rxc4 {[%clk 0:43:18]} Rxc4 {[%clk 0:04:01]} 38. Rxc4
{[%clk 0:42:12]} Rxc4 {[%clk 0:04:24]} 39. bxc4 {[%clk 0:42:40]} Ba6
{[%clk 0:04:48]} 40. Nb2 {[%clk 0:43:05]} Ke6 {[%clk 0:05:06]} 41. Ke2
{[%clk 0:43:09]} Kd6 {[%clk 0:03:03]} 42. Kd3 {[%clk 0:43:33]} Kc5
{[%clk 0:03:19]} 43. a3 {[%clk 0:43:58]} Kd5 1-0

[Event "22nd Abu Dhabi Int. Chess Festival  Masters Tourna"]
[Site "Abu Dhabi"]
[Date "2015.08.30"]
[Round "8"]
[Board "37"]
[White "Rohan, Ahuja"]
[Black "Muradli, Mahammad"]
[Result "1-0"]
[WhiteElo "2389"]
[BlackElo "2027"]
[PlyCount "0"]
[EventDate "2015.08.23"]
[EventRounds "9"]
[EventCountry "UAE"]

1. Nf3 g6 2. g3 Bg7 3. Bg2 c5 4. c4 Nc6 5. Nc3 d6 6. O-O e6 7. d3 Nge7 8. Bg5
{[%clk 1:31:54]} h6 {[%clk 1:29:28]} 9. Bd2 {[%clk 1:31:43]} O-O {[%clk 1:29:17]}
10. a3 {[%clk 1:29:30]} b6 {[%clk 1:12:48]} 11. Rb1 {[%clk 1:29:02]} Bb7
{[%clk 1:10:56]} 12. b4 {[%clk 1:28:02]} Qd7 {[%clk 1:10:03]} 13. b5
{[%clk 1:06:02]} Nd8 {[%clk 1:10:16]} 14. a4 {[%clk 1:05:29]} a5 {[%clk 1:08:41]}
15. bxa6 {[%clk 0:53:36]} Rxa6 {[%clk 1:08:22]} 16. Nb5 {[%clk 0:52:28]} Ndc6
{[%clk 0:59:04]} 17. Bc3 {[%clk 0:47:30]} e5 {[%clk 0:51:00]} 18. Nd2
{[%clk 0:43:01]} Rfa8 {[%clk 0:34:51]} 19. Ra1 {[%clk 0:43:12]} Nd8
{[%clk 0:33:10]} 20. Ne4 {[%clk 0:38:09]} Nc8 {[%clk 0:32:35]} 21. Bb2
{[%clk 0:36:43]} d5 {[%clk 0:23:37]} 22. Nec3 {[%clk 0:30:16]} d4
{[%clk 0:21:28]} 23. Nd5 {[%clk 0:16:16]} Ne6 {[%clk 0:20:18]} 24. Qb3
{[%clk 0:15:02]} Ne7 {[%clk 0:09:21]} 25. Nbc7 {[%clk 0:12:06]} Nxc7
{[%clk 0:09:07]} 26. Nxe7+ {[%clk 0:12:30]} Qxe7 {[%clk 0:09:15]} 27. Bxb7
{[%clk 0:12:55]} Qe6 {[%clk 0:04:08]} 28. Bxa6 {[%clk 0:11:11]} Rxa6
{[%clk 0:04:33]} 29. Ra3 {[%clk 0:11:05]} Ra5 {[%clk 0:03:02]} 30. Bc1
{[%clk 0:11:06]} Na6 {[%clk 0:03:00]} 31. Bd2 {[%clk 0:09:14]} Nb4
{[%clk 0:02:48]} 32. Raa1 {[%clk 0:07:08]} Bf8 {[%clk 0:03:04]} 33. Rfe1
{[%clk 0:07:06]} h5 {[%clk 0:02:22]} 34. e3 {[%clk 0:06:40]} Qd7 {[%clk 0:01:39]}
35. exd4 {[%clk 0:05:09]} Qxd4 {[%clk 0:01:52]} 36. Bc3 {[%clk 0:03:50]} Qxd3
{[%clk 0:01:50]} 37. Rad1 {[%clk 0:03:04]} Qf3 {[%clk 0:01:20]} 38. Re3
{[%clk 0:01:37]} Qc6 {[%clk 0:01:05]} 39. Rxe5 {[%clk 0:01:35]} h4
{[%clk 0:00:53]} 40. Bb2 {[%clk 0:00:44]} h3 {[%clk 0:01:04]} 41. f3
{[%clk 0:01:10]} Ra8 {[%clk 0:00:44]} 42. Qc3 {[%clk 0:00:38]} Na2
{[%clk 0:00:31]} 43. Qb3 {[%clk 0:00:51]} Nb4 {[%clk 0:01:00]} 44. Re4
{[%clk 0:01:02]} Bg7 {[%clk 0:00:39]} 45. Bxg7 {[%clk 0:01:13]} Kxg7
{[%clk 0:01:08]} 46. Qc3+ {[%clk 0:01:34]} Qf6 47. Qxf6+ {[%clk 0:01:53]} Kxf6
{[%clk 0:01:07]} 48. Rf4+ {[%clk 0:00:45]} Ke7 {[%clk 0:01:19]} 49. Re4+
{[%clk 0:01:11]} Kf8 {[%clk 0:00:52]} 50. Rd7 {[%clk 0:00:43]} Rxa4
{[%clk 0:00:48]} 51. Ree7 {[%clk 0:00:58]} Ra1+ {[%clk 0:01:10]} 52. Kf2
{[%clk 0:01:25]} Ra2+ {[%clk 0:01:02]} 53. Ke3 {[%clk 0:01:45]} Ra3+
{[%clk 0:00:39]} 54. Ke4 {[%clk 0:01:07]} f6 {[%clk 0:00:33]} 55. Rf7+
{[%clk 0:00:52]} Ke8 {[%clk 0:00:32]} 56. Rfe7+ {[%clk 0:01:19]} Kf8
{[%clk 0:00:57]} 57. Rh7 {[%clk 0:01:31]} Kg8 {[%clk 0:00:38]} 58. Rdg7+
{[%clk 0:01:56]} Kf8 {[%clk 0:01:08]} 59. Rb7 {[%clk 0:01:38]} Kg8
{[%clk 0:01:20]} 60. Rhc7 {[%clk 0:02:01]} Ra8 {[%clk 0:01:23]} 61. Rg7+
{[%clk 0:02:15]} Kh8 {[%clk 0:01:41]} 62. Rxg6 {[%clk 0:02:17]} Re8+
{[%clk 0:00:51]} 63. Kf5 {[%clk 0:02:22]} Nc2 {[%clk 0:00:48]} 64. Rh6+
{[%clk 0:02:24]} Kg8 {[%clk 0:01:17]} 65. Ke4 {[%clk 0:02:40]} 1-0

[Event "22nd Abu Dhabi Int. Chess Festival  Masters Tourna"]
[Site "Abu Dhabi"]
[Date "2015.08.31"]
[Round "9"]
[Board "20"]
[White "Sumets, Andrey"]
[Black "Rohan, Ahuja"]
[Result "1/2-1/2"]
[WhiteElo "2596"]
[BlackElo "2389"]
[PlyCount "0"]
[EventDate "2015.08.23"]
[EventRounds "9"]
[EventCountry "UAE"]

1. d4 {[%clk 1:30:52]} Nf6 {[%clk 1:30:51]} 2. c4 {[%clk 1:31:19]} g6
{[%clk 1:31:15]} 3. Nc3 {[%clk 1:31:47]} d5 {[%clk 1:31:38]} 4. Bg5
{[%clk 1:32:15]} Ne4 {[%clk 1:32:02]} 5. Bh4 {[%clk 1:32:41]} Nxc3
{[%clk 1:32:26]} 6. bxc3 {[%clk 1:33:09]} dxc4 {[%clk 1:32:35]} 7. e3
{[%clk 1:33:35]} Be6 {[%clk 1:32:43]} 8. Qb1 {[%clk 1:33:59]} Qd5
{[%clk 1:32:30]} 9. Nf3 {[%clk 1:32:12]} Qa5 {[%clk 1:31:52]} 10. Qb2
{[%clk 1:31:27]} Nd7 {[%clk 1:28:32]} 11. Be2 {[%clk 1:27:41]} Bg7
{[%clk 1:21:54]} 12. O-O {[%clk 1:27:49]} Nb6 {[%clk 1:16:54]} 13. a4
{[%clk 1:11:51]} Rc8 {[%clk 0:58:37]} 14. Qb5+ {[%clk 0:45:53]} Qxb5
{[%clk 0:59:00]} 15. axb5 {[%clk 0:46:20]} Ra8 {[%clk 0:41:15]} 16. Nd2
{[%clk 0:46:06]} f5 {[%clk 0:36:10]} 17. Ra3 {[%clk 0:45:24]} Bd5
{[%clk 0:33:32]} 18. Rfa1 {[%clk 0:41:34]} e5 {[%clk 0:30:15]} 19. dxe5
{[%clk 0:38:02]} Bxe5 {[%clk 0:29:48]} 20. Bf3 {[%clk 0:36:25]} Bxf3
{[%clk 0:24:57]} 21. Nxf3 {[%clk 0:36:28]} Bd6 {[%clk 0:25:21]} 22. Rxa7
{[%clk 0:36:07]} Rxa7 {[%clk 0:25:47]} 23. Rxa7 {[%clk 0:36:33]} Kd7
{[%clk 0:26:04]} 24. Bf6 {[%clk 0:35:33]} Rb8 {[%clk 0:11:52]} 25. Kf1
{[%clk 0:27:17]} Bc5 {[%clk 0:07:50]} 26. Bd4 {[%clk 0:25:23]} Bxd4
{[%clk 0:03:41]} 27. cxd4 {[%clk 0:25:37]} Nc8 {[%clk 0:01:04]} 28. Ra4
{[%clk 0:22:49]} Nd6 {[%clk 0:01:30]} 29. Ne5+ {[%clk 0:20:12]} Ke6
{[%clk 0:01:56]} 30. Nxc4 {[%clk 0:20:03]} Nxb5 {[%clk 0:02:23]} 31. Ra5
{[%clk 0:19:47]} Nd6 {[%clk 0:02:21]} 32. Ne5 {[%clk 0:19:20]} c6
{[%clk 0:00:34]} 33. Ke2 {[%clk 0:19:31]} Rc8 {[%clk 0:00:38]} 34. Nd3
{[%clk 0:19:20]} Ke7 {[%clk 0:00:33]} 35. Nc5 {[%clk 0:18:35]} Kd8
{[%clk 0:00:51]} 36. Ra7 {[%clk 0:18:41]} Kc7 {[%clk 0:01:12]} 37. Kd3
{[%clk 0:18:56]} Re8 {[%clk 0:01:33]} 38. f3 {[%clk 0:19:04]} Kb6
{[%clk 0:01:53]} 39. Ra4 {[%clk 0:17:32]} Nb5 {[%clk 0:01:51]} 40. h4
{[%clk 0:17:34]} Kc7 {[%clk 0:01:49]} 41. Ra1 {[%clk 0:17:06]} b6
{[%clk 0:01:49]} 42. Nb3 {[%clk 0:17:26]} Rd8 {[%clk 0:01:14]} 43. h5
{[%clk 0:12:07]} Rd6 {[%clk 0:00:47]} 44. Rh1 {[%clk 0:11:25]} g5
{[%clk 0:00:36]} 45. g4 {[%clk 0:10:51]} fxg4 {[%clk 0:00:39]} 46. fxg4
{[%clk 0:11:17]} Rf6 {[%clk 0:01:00]} 47. Nd2 {[%clk 0:11:01]} Nd6
{[%clk 0:01:00]} 48. Ne4 {[%clk 0:08:44]} Nxe4 {[%clk 0:01:26]} 49. Kxe4
{[%clk 0:09:12]} Kd6 {[%clk 0:00:47]} 50. Ra1 {[%clk 0:09:18]} Re6+
{[%clk 0:00:44]} 51. Kf5 {[%clk 0:08:18]} Rxe3 {[%clk 0:01:09]} 52. Kxg5
{[%clk 0:08:44]} Re7 {[%clk 0:00:36]} 53. Kf6 {[%clk 0:01:43]} Re6+
{[%clk 0:00:39]} 54. Kf5 {[%clk 0:02:10]} Re7 {[%clk 0:01:02]} 55. g5
{[%clk 0:01:49]} Rf7+ {[%clk 0:00:40]} 56. Ke4 {[%clk 0:02:09]} Re7+
{[%clk 0:01:07]} 57. Kd3 {[%clk 0:02:32]} Rg7 {[%clk 0:00:33]} 58. Rg1
{[%clk 0:02:54]} Kd5 {[%clk 0:00:32]} 59. g6 {[%clk 0:01:57]} hxg6
{[%clk 0:00:50]} 60. h6 {[%clk 0:02:17]} Rg8 {[%clk 0:00:37]} 61. h7
{[%clk 0:02:38]} Rh8 {[%clk 0:01:02]} 62. Rg5+ {[%clk 0:03:05]} Kd6
{[%clk 0:00:32]} 63. Rxg6+ {[%clk 0:03:31]} Kd5 {[%clk 0:01:00]} 64. Rh6
{[%clk 0:02:57]} c5 {[%clk 0:01:15]} 65. Rh5+ {[%clk 0:02:51]} Kd6
{[%clk 0:00:47]} 66. d5 {[%clk 0:03:11]} b5 {[%clk 0:00:39]} 67. Kc3
{[%clk 0:03:27]} Ke7 {[%clk 0:00:36]} 68. Rh6 {[%clk 0:03:30]} Kd7
{[%clk 0:00:34]} 69. Kd3 {[%clk 0:02:46]} Kc7 {[%clk 0:00:49]} 70. Ke4
{[%clk 0:02:42]} Kd7 {[%clk 0:00:58]} 71. Ke5 {[%clk 0:02:08]} c4
{[%clk 0:00:55]} 72. Kd4 {[%clk 0:00:56]} Kc7 {[%clk 0:01:20]} 73. Kc3
{[%clk 0:00:54]} Kb7 {[%clk 0:01:39]} 74. Kb4 {[%clk 0:01:18]} Kc7
{[%clk 0:02:05]} 75. Rh3 {[%clk 0:00:39]} Kd6 {[%clk 0:02:00]} 76. Rh5
{[%clk 0:01:07]} Kc7 {[%clk 0:02:26]} 77. Rh6 {[%clk 0:01:32]} Kb7
{[%clk 0:02:49]} 78. Kxb5 {[%clk 0:00:44]} c3 {[%clk 0:03:15]} 79. Rh2
{[%clk 0:00:52

[Event "22nd Abu Dhabi Int. Chess Festival  Masters Tourna"]
[Site "Abu Dhabi"]
[Date "2015.08.31"]
[Round "9"]
[Board "21"]
[White "Esen, Baris"]
[Black "Raetsky, Alexander"]
[Result "1-0"]
[WhiteElo "2567"]
[BlackElo "2402"]
[PlyCount "0"]
[EventDate "2015.08.23"]
[EventRounds "9"]
[EventCountry "UAE"]

1. Nf3 {[%clk 1:30:56]} f5 {[%clk 1:26:08]} 2. d3 {[%clk 1:28:09]} d6
{[%clk 1:26:05]} 3. e4 {[%clk 1:26:16]} e5 {[%clk 1:25:36]} 4. Nc3
{[%clk 1:23:09]} Nc6 {[%clk 1:15:24]} 5. exf5 {[%clk 1:18:19]} Bxf5
{[%clk 1:14:08]} 6. d4 {[%clk 1:18:35]} e4 {[%clk 1:05:04]} 7. d5
{[%clk 1:18:16]} exf3 {[%clk 0:57:03]} 8. dxc6 {[%clk 1:18:30]} bxc6
{[%clk 0:56:54]} 9. Qxf3 {[%clk 1:18:51]} Bd7 {[%clk 0:54:40]} 10. Bc4
{[%clk 1:06:53]} Qf6 {[%clk 0:49:31]} 11. Bf4 {[%clk 1:02:22]} Ne7
{[%clk 0:43:48]} 12. O-O-O {[%clk 0:58:47]} Ng6 {[%clk 0:28:23]} 13. Qe2+
{[%clk 0:52:06]} Be7 {[%clk 0:28:29]} 14. Bg3 {[%clk 0:48:35]} Nf4
{[%clk 0:12:04]} 15. Qe4 {[%clk 0:34:47]} Rf8 {[%clk 0:11:21]} 16. Rhe1
{[%clk 0:30:42]} Kd8 {[%clk 0:10:53]} 17. Bf1 {[%clk 0:23:50]} d5
{[%clk 0:05:23]} 18. Qa4 {[%clk 0:21:14]} g5 {[%clk 0:04:52]} 19. Qa6
{[%clk 0:19:22]} Bc8 {[%clk 0:04:41]} 20. Qa5 {[%clk 0:19:39]} Bd7
{[%clk 0:03:37]} 21. f3 {[%clk 0:14:16]} Qd6 {[%clk 0:03:40]} 22. Ne4
{[%clk 0:08:33]} Qb4 {[%clk 0:03:19]} 23. Qxb4 {[%clk 0:08:58]} Bxb4
{[%clk 0:03:48]} 24. Nxg5 {[%clk 0:09:22]} Bxe1 {[%clk 0:04:04]} 25. Rxe1
{[%clk 0:09:50]} h6 {[%clk 0:04:14]} 26. Nh7 {[%clk 0:09:59]} Rf7
{[%clk 0:03:36]} 27. Bh4+ {[%clk 0:10:14]} Kc8 {[%clk 0:03:51]} 28. Ba6+
{[%clk 0:10:39]} Kb8 {[%clk 0:04:18]} 29. Re3 {[%clk 0:10:04]} 1-0

[Event "22nd Abu Dhabi Int. Chess Festival  Masters Tourna"]
[Site "Abu Dhabi"]
[Date "2015.08.31"]
[Round "9"]
[Board "23"]
[White "Predke, Alexandr"]
[Black "Abhishek, Kelkar"]
[Result "0-1"]
[WhiteElo "2548"]
[BlackElo "2400"]
[PlyCount "0"]
[EventDate "2015.08.23"]
[EventRounds "9"]
[EventCountry "UAE"]

1. e4 {[%clk 1:29:43]} Nf6 {[%clk 1:29:28]} 2. e5 {[%clk 1:28:54]} Nd5
{[%clk 1:29:55]} 3. d4 {[%clk 1:28:46]} d6 {[%clk 1:30:20]} 4. c4
{[%clk 1:29:01]} Nb6 {[%clk 1:30:45]} 5. exd6 {[%clk 1:29:18]} exd6
{[%clk 1:31:06]} 6. Nc3 {[%clk 1:29:17]} Be7 {[%clk 1:31:28]} 7. Bd3
{[%clk 1:29:34]} Nc6 {[%clk 1:31:07]} 8. Nge2 {[%clk 1:29:47]} Bg4
{[%clk 1:31:10]} 9. f3 {[%clk 1:21:08]} Bh5 {[%clk 1:30:17]} 10. O-O
{[%clk 1:20:32]} Bg6 {[%clk 1:30:39]} 11. b3 {[%clk 1:18:10]} Bf6
{[%clk 1:30:01]} 12. Be3 {[%clk 1:17:15]} d5 {[%clk 1:30:08]} 13. c5
{[%clk 1:16:36]} Nc8 {[%clk 1:30:22]} 14. a3 {[%clk 1:14:47]} O-O
{[%clk 1:29:40]} 15. Nf4 {[%clk 1:06:55]} Re8 {[%clk 1:27:39]} 16. Bf2
{[%clk 1:05:45]} N8e7 {[%clk 1:27:34]} 17. Bxg6 {[%clk 0:54:19]} hxg6
{[%clk 1:26:10]} 18. g4 {[%clk 0:54:46]} a5 {[%clk 1:17:11]} 19. Qd3
{[%clk 0:41:57]} b6 {[%clk 1:14:53]} 20. cxb6 {[%clk 0:37:16]} cxb6
{[%clk 1:13:16]} 21. h4 {[%clk 0:37:38]} g5 {[%clk 1:06:40]} 22. hxg5
{[%clk 0:36:30]} Bxg5 {[%clk 1:06:50]} 23. Nh3 {[%clk 0:32:28]} Ng6
{[%clk 1:06:16]} 24. Rad1 {[%clk 0:26:56]} Be7 {[%clk 0:59:13]} 25. Qf5
{[%clk 0:20:52]} Bxa3 {[%clk 0:54:28]} 26. Qh5 {[%clk 0:19:21]} Bb2
{[%clk 0:49:32]} 27. Nxd5 {[%clk 0:18:03]} Nxd4 {[%clk 0:49:03]} 28. f4
{[%clk 0:14:56]} Re5 {[%clk 0:42:58]} 29. fxe5 {[%clk 0:08:26]} Qxd5
{[%clk 0:43:12]} 30. Rxd4 {[%clk 0:08:28]} Bxd4 {[%clk 0:42:51]} 31. e6
{[%clk 0:08:23]} Bxf2+ {[%clk 0:33:38]} 32. Rxf2 {[%clk 0:08:48]} Qxe6
{[%clk 0:33:00]} 33. Ng5 {[%clk 0:09:06]} Qe1+ {[%clk 0:32:58]} 34. Kg2
{[%clk 0:09:34]} Ra7 {[%clk 0:32:58]} 35. Qh2 {[%clk 0:02:09]} Rd7
{[%clk 0:25:14]} 36. Qb8+ {[%clk 0:00:37]} Nf8 {[%clk 0:25:38]} 37. Qf4
{[%clk 0:00:36]} Qb4 {[%clk 0:22:30]} 38. Qxb4 {[%clk 0:00:34]} axb4
{[%clk 0:22:53]} 39. Rf4 {[%clk 0:00:34]} Rd2+ {[%clk 0:22:51]} 40. Kf1
{[%clk 0:00:33]} f6 {[%clk 0:21:47]} 41. Nf3 {[%clk 0:01:00]} Rd3
{[%clk 0:21:46]} 42. Nd4 {[%clk 0:01:08]} Nd7 {[%clk 0:21:47]} 43. Ke2
{[%clk 0:01:10]} Nc5 {[%clk 0:21:20]} 44. Nc6 {[%clk 0:01:13]} Rxb3
{[%clk 0:21:15]} 45. Nxb4 {[%clk 0:01:38]} Kf7 {[%clk 0:20:27]} 46. Nc6
{[%clk 0:01:40]} Ne6 {[%clk 0:19:37]} 47. Ra4 {[%clk 0:01:11]} Rc3
{[%clk 0:18:29]} 48. Ra7+ {[%clk 0:01:25]} Kg6 {[%clk 0:18:49]} 49. Ne7+
{[%clk 0:01:50]} Kg5 {[%clk 0:19:04]} 50. Nf5 {[%clk 0:02:15]} Kxg4
{[%clk 0:16:31]} 51. Nxg7 {[%clk 0:02:40]} Nxg7 {[%clk 0:16:45]} 52. Rxg7+
{[%clk 0:03:06]} Kf4 {[%clk 0:17:08]} 53. Rg1 {[%clk 0:03:28]} Rb3
{[%clk 0:16:30]} 54. Rf1+ {[%clk 0:03:39]} Ke5 {[%clk 0:16:55]} 55. Kd2
{[%clk 0:04:07]} f5 {[%clk 0:16:50]} 56. Kc2 {[%clk 0:04:34]} Rb5
{[%clk 0:16:27]} 57. Kd3 {[%clk 0:04:20]} f4 {[%clk 0:16:37]} 58. Rh1
{[%clk 0:04:42]} Rd5+ {[%clk 0:16:59]} 59. Ke2 {[%clk 0:05:08]} Ke4
{[%clk 0:17:02]} 60. Rb1 {[%clk 0:05:04]} f3+ {[%clk 0:16:27]} 61. Kf2
{[%clk 0:05:13]} Rd2+ {[%clk 0:16:15]} 62. Kf1 {[%clk 0:03:39]} Ke3
{[%clk 0:16:06]} 63. Re1+ {[%clk 0:04:03]} Kd4 {[%clk 0:14:27]} 64. Rb1
{[%clk 0:04:25]} Kc5 {[%clk 0:14:27]} 65. Rc1+ {[%clk 0:04:49]} Kb5
{[%clk 0:14:21]} 66. Rb1+ {[%clk 0:04:58]} Kc6 {[%clk 0:14:44]} 67. Rc1+
{[%clk 0:02:35]} Kb7 {[%clk 0:15:07]} 68. Rb1 {[%clk 0:01:55]} f2
{[%clk 0:15:29]} 69. Kg2 {[%clk 0:01:02]} Ra2 {[%clk 0:15:46]} 70. Kf3
{[%clk 0:01:10]} Ka6 {[%clk 0:15:16]} 71. Ke3 {[%clk 0:01:27]} Ka5
{[%clk 0:15:06]} 72. Kd3 {[%clk 0:01:26]} b5 {[%clk 0:15:17]} 73. Rh1
{[%clk 0:00:42]} Ka4 {[%clk 0:15:33]} 74. Rh4+ {[%clk 0:00:52]} b4
{[%clk 0:15:24]} 75. Rf4 {[%clk 0:01:15]} Kb3 {[%clk 0:15:18]} 76. Rf3
{[%clk 0:01:29]} Rc2 {[%clk 0:15:02]} 77. Rf4 {[%clk 0:01:37]} Rc1
{[%clk 0:12:26]} 78. Rxf2 {[%clk 0:01:49]} Rd1+ {[%clk 0:12:53]} 79. Ke2

[Event "22nd Abu Dhabi Int. Chess Festival  Masters Tourna"]
[Site "Abu Dhabi"]
[Date "2015.08.31"]
[Round "9"]
[Board "32"]
[White "Firouzja, Alireza"]
[Black "Karavade, Eesha"]
[Result "0-1"]
[WhiteElo "2309"]
[BlackElo "2409"]
[PlyCount "0"]
[EventDate "2015.08.23"]
[EventRounds "9"]
[EventCountry "UAE"]

1. e4 {[%clk 1:30:00]} c5 {[%clk 1:30:55]} 2. Nf3 {[%clk 1:30:22]} e6
{[%clk 1:31:07]} 3. d4 {[%clk 1:30:45]} cxd4 {[%clk 1:31:29]} 4. Nxd4
{[%clk 1:31:10]} Nc6 {[%clk 1:31:55]} 5. Nc3 {[%clk 1:31:31]} Qc7
{[%clk 1:32:19]} 6. Be3 {[%clk 1:31:53]} a6 {[%clk 1:32:44]} 7. Qf3
{[%clk 1:32:16]} d6 {[%clk 1:32:49]} 8. O-O-O {[%clk 1:30:03]} Bd7
{[%clk 1:33:11]} 9. Qg3 {[%clk 1:23:47]} Nf6 {[%clk 1:32:51]} 10. f4
{[%clk 1:16:22]} g6 {[%clk 1:26:33]} 11. Be2 {[%clk 1:07:38]} Rc8
{[%clk 1:21:37]} 12. Bf3 {[%clk 1:06:15]} b5 {[%clk 1:18:54]} 13. Kb1
{[%clk 0:54:18]} b4 {[%clk 1:14:22]} 14. Nce2 {[%clk 0:51:28]} Nxd4
{[%clk 1:12:58]} 15. Bxd4 {[%clk 0:49:55]} Qxc2+ {[%clk 1:05:32]} 16. Ka1
{[%clk 0:50:18]} Be7 {[%clk 1:05:58]} 17. Rc1 {[%clk 0:30:37]} Qa4
{[%clk 1:01:03]} 18. e5 {[%clk 0:25:36]} b3 {[%clk 0:59:29]} 19. Rxc8+
{[%clk 0:25:04]} Bxc8 {[%clk 0:59:57]} 20. Bc6+ {[%clk 0:25:05]} Qxc6
{[%clk 0:59:48]} 21. exf6 {[%clk 0:22:38]} Qa4 {[%clk 0:58:39]} 22. a3
{[%clk 0:21:52]} Bd8 {[%clk 0:54:30]} 23. f5 {[%clk 0:18:04]} gxf5
{[%clk 0:33:36]} 24. Qxd6 {[%clk 0:17:20]} Rg8 {[%clk 0:33:54]} 25. Ng3
{[%clk 0:16:07]} Qd7 {[%clk 0:28:06]} 26. Nxf5 {[%clk 0:16:00]} Qxd6
{[%clk 0:24:25]} 27. Nxd6+ {[%clk 0:16:24]} Kd7 {[%clk 0:24:52]} 28. Nxf7
{[%clk 0:16:45]} Rf8 {[%clk 0:23:02]} 29. Nxd8 {[%clk 0:11:20]} Kxd8
{[%clk 0:23:13]} 30. Rf1 {[%clk 0:11:39]} Rf7 {[%clk 0:21:53]} 31. Rf3
{[%clk 0:08:44]} Ke8 {[%clk 0:21:32]} 32. Rxb3 {[%clk 0:08:37]} Rd7
{[%clk 0:21:47]} 33. Rb8 {[%clk 0:08:04]} Rxd4 {[%clk 0:22:04]} 34. Rxc8+
{[%clk 0:08:31]} Kf7 {[%clk 0:22:29]} 35. Rc7+ {[%clk 0:08:52]} Kxf6
{[%clk 0:22:53]} 36. Rxh7 {[%clk 0:09:18]} Rd2 {[%clk 0:23:02]} 37. Rh6+
{[%clk 0:08:50]} Ke5 {[%clk 0:22:23]} 38. g4 {[%clk 0:08:53]} Rg2
{[%clk 0:22:50]} 39. h3 {[%clk 0:08:53]} Rg3 {[%clk 0:23:11]} 40. Kb1
{[%clk 0:08:40]} a5 {[%clk 0:22:22]} 41. Rh5+ {[%clk 0:08:20]} Kd4
{[%clk 0:22:51]} 42. Rxa5 {[%clk 0:08:35]} Rxh3 {[%clk 0:23:14]} 43. Ra8
{[%clk 0:07:50]} e5 {[%clk 0:22:08]} 44. Rd8+ {[%clk 0:07:40]} Ke3
{[%clk 0:22:27]} 45. a4 {[%clk 0:05:33]} Rh4 {[%clk 0:20:35]} 46. Rd5
{[%clk 0:04:40]} Kf4 {[%clk 0:16:22]} 47. a5 {[%clk 0:03:46]} Rxg4
{[%clk 0:16:37]} 48. a6 {[%clk 0:04:01]} Rg8 {[%clk 0:16:56]} 49. a7
{[%clk 0:03:33]} e4 {[%clk 0:17:10]} 50. Ra5 {[%clk 0:01:25]} Ra8
{[%clk 0:17:28]} 51. Kc2 {[%clk 0:01:43]} Kf3 {[%clk 0:17:36]} 52. Kd2
{[%clk 0:01:23]} e3+ {[%clk 0:16:24]} 53. Ke1 {[%clk 0:01:47]} Ke4
{[%clk 0:16:47]} 54. Ke2 {[%clk 0:02:03]} Kd4 {[%clk 0:17:14]} 55. Ra4+
{[%clk 0:02:14]} Kc5 {[%clk 0:17:41]} 56. Kxe3 {[%clk 0:02:37]} Kb6
{[%clk 0:18:04]} 57. Kd4 {[%clk 0:01:25]} Kb7 {[%clk 0:17:06]} 58. b4
{[%clk 0:00:39]} Rd8+ {[%clk 0:12:48]} 59. Kc5 {[%clk 0:01:00]} Ka8
{[%clk 0:13:07]} 60. Kd4 0-1